| Поле | Название | Значение |
| |
Тип записи |
c |
| |
Библиографический уровень |
m |
| 001 |
Контрольный номер |
UONB/MAIN/f6ffe7d936d749a1b3a9670e56b0f3f5 |
| 005 |
Дата корректировки |
20251126101434.8 |
| 010 |
Индекс ISBN |
__ |
| 9 |
Тираж |
100000 экз. |
| 013 |
Номер (ISMN) |
__ |
| d |
Цена |
1 р. 50 к. |
| 071 |
Издательские номер (звукозапись и ноты) |
21 |
| a |
Номер, присвоенный агентством |
14815 |
| 100 |
Данные общей обработки |
__ |
| a |
Данные общей обработки |
20241206b1991 a y0rusy0189 ca |
| 101 |
Язык документа |
0_ |
| a |
Язык текста |
rus |
| f |
Язык титульного листа |
rus |
| 102 |
Страна публикации |
__ |
| a |
Страна публикации |
RU |
| 125 |
Кодированные данные звукозаписи и нотных изданий |
__ |
| a |
Форма изложения нотного текста |
с |
| 128 |
Кодированные данные (звукозаписи-физические характеристики) |
__ |
| a |
Кодированные данные: Музыкальная форма и тональность или лад |
sg |
| b |
Инструменты или голоса, необходимые для ансамблей (устаревшее) |
cd |
| c |
Инструменты или голоса, рекомендуемые для солистов (устаревшее) |
kt |
| 200 |
Заглавие и сведения об ответственности |
1_ |
| a |
Заглавие |
Вып. 3 |
| 203 |
Вид содержания и тип средства |
__ |
| a |
Вид содержания |
Музыка |
| b |
Характеристика содержания |
знаковая |
| c |
Тип средства |
непосредственная |
| 210 |
Выходные данные |
1_ |
| d |
Дата издания |
1991 |
| 215 |
Физическое описание |
__ |
| a |
Объем |
48 с. |
| 327 |
Примечание о содержании |
11 |
| a |
Примечание о содержании |
Содерж.: Савельев Б. Мир вам, люди / сл. М. Пляцковского ; Из чего наш мир состоит / сл. М. Танича. Чичков Ю. Мелодия дружбы ; Эх, зима! / сл. М. Пляцковского ; Если солнышко рядом / сл. В. Арчакова ; Песенка про жирафа / сл. Ю. Энтина. Цветков И. Звездное небо / сл. М. Ицкова. Боганов В. Белый снег / сл. В. Орлова. Соснин С. Солнечная капель / сл. И. Вахрушевой. Хромушин О. Зачем остывать костру? / сл. П. Синявского. Паулс Р. Алфавит / сл. И. Резника. Леонидов М., Фоменко Н. Сара Барабу / сл. В. Хоппа. Шаинский В. Чунга-Чанга : из мультфильма "Катерок" / сл. Ю. Энтина. Крылатов Е. Хоть глазочком заглянуть бы... : из кф. "Лиловый шар" / сл. Ю. Энтина. Лученок И. Дружба / сл. Ю. Рыбчинского. Хромушин О. Вот здорово! / сл. Л. Куклина. Квинт Л. Здравствуй, мир! / сл. В. Кострова. |
| 461 |
Уровень набора |
_0 |
| 1 |
|
2001 |
| a |
|
С песней весело шагать |
| e |
|
популярные песни для детей в переложении для баяна или аккордеона [с надписанным текстом] |
| f |
|
составитель А. Крылусов |
| v |
|
Вып. 3 |
| 1 |
|
2101 |
| d |
|
1988 - |
| a |
|
Москва |
| c |
|
Музыка |
| 1 |
|
001UONB/MAIN/ef0ace6737f64c2aac9ea0152c13e99a |
| 1 |
|
215 |
| d |
|
29 см |
| 464 |
Аналитический уровень |
_0 |
| 1 |
|
036 |
| t |
|
Для всех заря, что вновь зажглась... |
| 1 |
|
700 1 |
| a |
|
Савельев |
| b |
|
Б. |
| 1 |
|
702 1 |
| a |
|
Пляцковский |
| b |
|
М. |
| 4 |
|
520 |
| 1 |
|
2001 |
| a |
|
Мир вам, люди |
| 464 |
Аналитический уровень |
_0 |
| 1 |
|
700 1 |
| a |
|
Савельев |
| b |
|
Б. |
| 1 |
|
702 1 |
| a |
|
Танич |
| b |
|
М. |
| 4 |
|
520 |
| 1 |
|
2001 |
| a |
|
Из чего наш мир состоит |
| 464 |
Аналитический уровень |
_0 |
| 1 |
|
036 |
| t |
|
Летят над планетой, над миром звенят голоса... |
| 1 |
|
700 1 |
| a |
|
Чичков |
| b |
|
Ю. |
| 1 |
|
702 1 |
| a |
|
Пляцковский |
| b |
|
М. |
| 4 |
|
520 |
| 1 |
|
2001 |
| a |
|
Мелодия дружбы |
| 464 |
Аналитический уровень |
_0 |
| 1 |
|
036 |
| t |
|
Кони, кони, кони нас несут вперед... |
| 1 |
|
700 1 |
| a |
|
Чичков |
| b |
|
Ю. |
| 1 |
|
702 1 |
| a |
|
Пляцковский |
| b |
|
М. |
| 4 |
|
520 |
| 1 |
|
2001 |
| a |
|
Эх, зима! |
| 464 |
Аналитический уровень |
_0 |
| 1 |
|
036 |
| t |
|
Пусть снежинки, пусть ветра |
| 1 |
|
700 1 |
| a |
|
Чичков |
| b |
|
Ю. |
| 1 |
|
702 1 |
| a |
|
Арчаков |
| b |
|
В. |
| 4 |
|
520 |
| 1 |
|
2001 |
| a |
|
Если солнышко рядом / сл. В. Арчакова |
| 464 |
Аналитический уровень |
_0 |
| 1 |
|
036 |
| t |
|
Есть на свете место беззаботное... |
| 1 |
|
700 1 |
| a |
|
Чичков |
| b |
|
Ю. |
| 1 |
|
702 1 |
| a |
|
Энтин |
| b |
|
Ю. |
| 4 |
|
520 |
| 1 |
|
2001 |
| a |
|
Песенка про жирафа |
| 464 |
Аналитический уровень |
_0 |
| 1 |
|
036 |
| t |
|
Звери и рыбы, вольные птицы... |
| 1 |
|
700 1 |
| a |
|
Цветков |
| b |
|
И. |
| 1 |
|
702 1 |
| a |
|
Ицков |
| b |
|
М. |
| 4 |
|
520 |
| 1 |
|
2001 |
| a |
|
Звездное небо |
| 464 |
Аналитический уровень |
_0 |
| 1 |
|
036 |
| t |
|
Вот идёт один прохожий... |
| 1 |
|
700 1 |
| a |
|
Боганов |
| b |
|
В. |
| 1 |
|
702 1 |
| a |
|
Орлов |
| b |
|
В. |
| 4 |
|
520 |
| 1 |
|
2001 |
| a |
|
Белый снег |
| 464 |
Аналитический уровень |
_0 |
| 1 |
|
036 |
| t |
|
На дворе сосульки плакали... |
| 1 |
|
700 1 |
| a |
|
Соснин |
| b |
|
С. |
| 1 |
|
702 1 |
| a |
|
Вахрушева |
| b |
|
И. |
| 4 |
|
520 |
| 1 |
|
2001 |
| a |
|
Солнечная капель |
| 464 |
Аналитический уровень |
_0 |
| 1 |
|
036 |
| t |
|
Вместе с летом ушли вечера... |
| 1 |
|
700 1 |
| a |
|
Хромушин |
| b |
|
О. |
| 1 |
|
702 1 |
| a |
|
Синявский |
| b |
|
П. |
| 4 |
|
520 |
| 1 |
|
2001 |
| a |
|
Зачем остывать костру? |
| 464 |
Аналитический уровень |
_0 |
| 1 |
|
036 |
| t |
|
А! Алфавит пройдем мы вместе... |
| 1 |
|
700 1 |
| a |
|
Паулс |
| b |
|
Р. |
| 1 |
|
702 1 |
| a |
|
Резник |
| b |
|
И. |
| 4 |
|
520 |
| 1 |
|
2001 |
| a |
|
Алфавит |
| 464 |
Аналитический уровень |
_0 |
| 1 |
|
036 |
| t |
|
В далекой бухте Тимбухту, Тимбухту... |
| 1 |
|
700 1 |
| a |
|
Леонидов |
| b |
|
М. |
| 1 |
|
701 1 |
| a |
|
Фоменко |
| b |
|
Н. |
| 1 |
|
702 1 |
| a |
|
Хопп |
| b |
|
Ф. |
| 4 |
|
520 |
| 1 |
|
2001 |
| a |
|
Сара Барабу |
| 464 |
Аналитический уровень |
_0 |
| 1 |
|
036 |
| t |
|
Чунга-Чанга - синий небосвод... |
| 1 |
|
700 1 |
| a |
|
Шаинский |
| b |
|
В. |
| 1 |
|
702 1 |
| a |
|
Энтин |
| b |
|
Ю. |
| 4 |
|
520 |
| 1 |
|
2001 |
| a |
|
Чунга-Чанга |
| e |
|
из мультфильма "Катерок" |
| 1 |
|
50010 |
| a |
|
Катерок |
| 464 |
Аналитический уровень |
_0 |
| 1 |
|
036 |
| t |
|
Чего только нету, чего только нет... |
| 1 |
|
700 1 |
| a |
|
Крылатов |
| b |
|
Е. |
| 1 |
|
702 1 |
| a |
|
Энтин |
| b |
|
Ю. |
| 4 |
|
520 |
| 1 |
|
2001 |
| a |
|
Хоть глазочком заглянуть бы... |
| e |
|
из кф. "Лиловый шар" |
| 1 |
|
50010 |
| a |
|
Лиловый шар |
| 464 |
Аналитический уровень |
_0 |
| 1 |
|
036 |
| t |
|
Что для счастья на века людям нужно?.. |
| 1 |
|
700 1 |
| a |
|
Лученок |
| b |
|
И. |
| 1 |
|
702 1 |
| a |
|
Рыбчинский |
| b |
|
Ю. |
| 4 |
|
520 |
| 1 |
|
2001 |
| a |
|
Дружба |
| 464 |
Аналитический уровень |
_0 |
| 1 |
|
036 |
| t |
|
Любим мы кувыркаться в траве... |
| 1 |
|
700 1 |
| a |
|
Хромушин |
| b |
|
О. |
| 1 |
|
702 1 |
| a |
|
Куклин |
| b |
|
Л. |
| 4 |
|
520 |
| 1 |
|
2001 |
| a |
|
Вот здорово! |
| 464 |
Аналитический уровень |
_0 |
| 1 |
|
036 |
| t |
|
Мир проснулся, как ребенок... |
| 1 |
|
700 1 |
| a |
|
Квинт |
| b |
|
Л. |
| 1 |
|
702 1 |
| a |
|
Костров |
| b |
|
в |
| 4 |
|
520 |
| 1 |
|
2001 |
| a |
|
Здравствуй, мир! |
| 606 |
Тематические рубрики |
0_ |
| a |
Основная рубрика |
Баян |
| x |
Основная подрубрика |
Детские песни советских композиторов |
| x |
Основная подрубрика |
Переложения для баяна и аккордеона |
| 610 |
Ключевые слова |
0_ |
| a |
Ключевые слова |
баян; аккордеон; детские песни советских композиторов; переложения для баяна и аккордеона |
| 686 |
Индексы других классификаций |
__ |
| 2 |
Код системы |
rubbk |
| a |
Классификационный индекс |
85.954.6-094(2)я43 |
| 686 |
Индексы других классификаций |
__ |
| a |
Классификационный индекс |
85.984.0-46(2)я44 |
| 801 |
Источник записи |
_0 |
| a |
Страна |
RU |
| b |
Организация |
Ульяновская ОНБ |
| c |
Дата составления |
20241206 |
| g |
Правила каталогизации |
RCR |
| 801 |
Источник записи |
_1 |
| a |
Страна |
RU |
| b |
Организация |
Ульяновская ОНБ |
| c |
Дата составления |
20241206 |
| g |
Правила каталогизации |
RCR |
| 901 |
Тип документа |
__ |
| t |
Тип документа |
n |
| w |
Контрольный № источника |
UONB/MAIN/ef0ace6737f64c2aac9ea0152c13e99a |
| 909 |
Создатель записи |
__ |
| a |
Создатель записи |
Никитина Т. А. |
| b |
Дата создания записи |
20241206 |